000 00700nas a2200253 4500
001 BR9703039
003 BR-BrBNA
005 20231205100241.0
007 ta
008 230509b bl.|||p| |||| 00| 00por d
040 _aBR-BrBNA
_bpor
_cBiblioteca Nacional de Agricultura
041 _a(Pt)
072 _aE20
100 1 _aFonseca, H.J.T. da
245 1 _aCitricultura: integracao do produtor de mudas
650 _aCitricultura
650 _aProdutor
650 _aFruta Citrica
650 _aMuda
650 _aFormacao Profissional
773 0 _tBahia Agricola (Brazil)
_x
_g(Oct 1996), v. 1(2) p. 34-38
_wBR9703039
909 _a202311
_bLúcia
_c55
_dLúcia Elande
942 _2AGRIS
_n0
_cANA
999 _c154948
_d154948